| 000 | 00893nam a2200253Ia 4500 | ||
|---|---|---|---|
| 003 | OSt | ||
| 005 | 20221005113311.0 | ||
| 006 | a|||||r|||| 00| 0 | ||
| 007 | ta | ||
| 008 | 221004b |||||||| |||| 00| 0 pan d | ||
| 020 |
_a8173801274 (hbk) _c150 |
||
| 024 | _a106232 | ||
| 037 |
_b503, 02/02/2011, H.K. Prakashan _cTextual |
||
| 040 |
_aCRL _cCRL _bpan |
||
| 041 |
_2pan _apan |
||
| 082 | _aO152,1I00x, 153N5;P9 | ||
| 100 | _aਸਿੰਘ, ਜੋਧ | ||
| 245 | 0 |
_aਭਗਤ ਕਬੀਰ ਜੀ _b ਜੀਵਨੀ ਅਤੇ ਸਿਖਿਆ |
|
| 260 |
_aਪਟਿਆਲਾ _bਪੰਜਾਬੀ ਯੂਨੀਵਰਸਿਟੀ ਭਾਰਤ _c2009 |
||
| 300 |
_a149ਪੰ _ccm. |
||
| 650 | _aਹਿੰਦੀ ਸਾਹਿਤ | ||
| 942 |
_hO152,1I00x, 153N5;P9 _cTEXL _2cc |
||
| 999 |
_c1027721 _d1027721 |
||